Bandas de Pop en Español - Estadísticas

Estadísticas generales
  • Esta prueba ha sido intentada 53 veces
  • La puntuación promedio es 8 de 25
Estadísticas de respuestas
País Canciones Banda % Correcto
España "Jueves", "Rosas", "La Playa" La Oreja de Van Gogh
94%
España "Un De Vez En Cuando", "Aserejé", "Kusha Las Payas" Las Ketchup
81%
España "Hijo de la Luna", "Maquillaje", "Barco a Venus" Mecano
79%
Colombia "Besos En Guerra", "Cuando Nadie Ve", "Cómo Te Atreves" Morat
79%
Argentina "A Esa", "Olvídame y Pega la Vuelta", "Ahora Decide" Pimpinela
60%
España "Me Muero", "El Sol No Regresa", "Que Te Quería" La Quinta Estación
57%
Estados Unidos "Tan Enamorados", "Reggaetón Lento (Bailemos)", "Hey DJ" CNCO
47%
México "Ya Me Enteré", "Noviembre Sin Ti", "Yo Quisiera" Reik
36%
México "¡Corre!", "Espacio Sideral", "Dueles" Jesse & Joy
30%
México "Todo Cambió", "Mientes", "Aléjate de Mí" Camila
28%
Argentina "Don", "Perfecta", "Mentía" Miranda!
21%
Estados Unidos "Caraluna", "Mi Primer Millón", "Tabaco y Chanel" Bacilos
19%
México "Ex de Verdad", "Lo Aprendí de Ti", "Perdón, Perdón" Ha*Ash
19%
México "Rebelde", "Nuestro Amor", "Sálvame" RBD
17%
Colombia "Déjala Que Vuelva", "Puntos Suspensivos", "Te Amo" Piso 21
15%
México "Rosa Pastel", "Tus Ojos", "Cada Que..." Belanova
13%
México "Vuela, Vuela (Voyage, Voyage)", "Malherido", "Cuarenta Grados" Magneto
13%
España "Estoy por ti", "Me quedaré solo", "Me haces tanto bien" Amistades Peligrosas
9%
Uruguay "Noche Loca", "Nena", "Loquita" Marama
9%
México "Cómo Te Va Mi Amor", "Poppuri Juan Gabriel", "Solo Él y Yo" Pandora
9%
México "Que Me Alcance la Vida", "Que Lloro", "Entra en Mi Vida" Sin Bandera
9%
México "Las Mil Y Unas Noches", "En El Boulevard (Corre, Corre)", "Bazar" Flans
6%
Chile "Sin Despertar", "Morir De Amor", "Déjame Gritar" Kudai
6%
México "Manto Estelar", "Déjame Entrar", "Morir Tres Veces" Mœnia
2%
Colombia "Nuestra Canción", "Sabor a Mi", "Bailar Contigo" Monsieur Periné
2%
No se encontraron pruebas coincidentes
Distribución de puntuación
Porcentaje de gente con cada puntuación
Porcentaje por número respondido
Historial de tus puntuaciones
No has intentado esta prueba.